[Event "23rd World Seniors 2013"]
[Site "Opatija CRO"]
[Date "2013.11.22"]
[Round "10.62"]
[White "Andreas,G"]
[Black "Beltz,Robert"]
[Result "1-0"]
[WhiteElo "1990"]
[BlackElo "2208"]

1.c4 c6 2.g3 d5 3.Bg2 Nf6 4.Qc2 g6 5.Nf3 Bg7 6.O-O O-O 7.d3 dxc4 8.Qxc4 Nbd7
9.Qc2 e5 10.Nc3 Re8 11.d4 exd4 12.Nxd4 Ne5 13.Rd1 Qe7 14.h3 Ned7 15.Bg5 h6
16.Bf4 Nb6 17.e4 Nfd7 18.Nde2 Ne5 19.Nd4 Nbd7 20.Rac1 Nf8 21.Nce2 Ne6 22.Be3 Nxd4
23.Nxd4 Be6 24.Nxe6 Qxe6 25.b3 Nd7 26.Qd2 Nf6 27.Rc4 Rad8 28.Qxd8 Rxd8 29.Rxd8+ Kh7
30.Rcd4 Qe7 31.R4d6 b6 32.Bd4 c5 33.Bxf6 Bxf6 34.R8d7 Qe8 35.Rxa7 Bd4 36.Rdd7 Kg8
37.Re7 Qb8 38.e5  1-0

[Event "TCh-SWE Elitserien 2013-14"]
[Site "Sweden SWE"]
[Date "2013.11.22"]
[Round "1.4"]
[White "Von Bahr,O"]
[Black "Bator,R"]
[Result "1/2-1/2"]
[WhiteElo "2294"]
[BlackElo "2406"]

1.c4 c6 2.Nf3 d5 3.g3 dxc4 4.Bg2 Nd7 5.O-O Nb6 6.Qc2 Qd5 7.b3 Bf5 8.Qb2 cxb3
9.Nc3 Qd7 10.axb3 Bh3 11.d3 Bxg2 12.Kxg2 Nf6 13.Be3 Qd8 14.b4 e6 15.b5 c5
16.Ra2 Be7 17.Rfa1 Nc8 18.d4 Ng4 19.dxc5 Nxe3+ 20.fxe3 O-O 21.c6 Qc7 22.Qc2 bxc6
23.Qe4 Bf6 24.Rc1 cxb5 25.Qxa8 Bxc3 26.Nd4 Qc4 27.Rac2 b4 28.Qc6 Nb6 29.Rxc3 bxc3
30.Rxc3 Qa2 31.Rc2 Qa5 32.Qb7 g6 33.Kf2 Nd5 34.Nc6 Qa4 35.Rb2 a6 36.Nb4 Nxb4
37.Rxb4 Qa5 38.Rb6 Qh5 39.h4 Qf5+ 40.Kg2 a5 41.Rb5 Qc2 42.Kf2 a4 43.Ra5 Qd1
44.Qe4 Rc8 45.Rxa4 h5 46.Ra8 Rxa8 47.Qxa8+ Kg7 48.Qe4 Qc1 49.Qd4+ Kg8 50.Qd8+ Kg7
51.Qd4+ Kh7 52.Qd7 Kg8 53.Qd8+ Kg7 54.Qd4+  1/2-1/2

[Event "Chennai GM Open 2013"]
[Site "Chennai IND"]
[Date "2013.11.23"]
[Round "11.5"]
[White "Papin,V"]
[Black "Ter Sahakyan,S"]
[Result "1/2-1/2"]
[WhiteElo "2510"]
[BlackElo "2568"]

1.c4 c6 2.Nf3 Nf6 3.Nc3 d5 4.e3 e6 5.b3 Bd6 6.Bb2 Nbd7 7.Qc2 O-O 8.Be2 b6
9.Rg1 Bb7 10.g4 e5 11.g5 Ne8 12.h4 e4 13.Nd4 Be5 14.d3 exd3 15.Bxd3 g6 16.Nf3 Bh8
17.h5 Nc5 18.Be2 Bc8 19.O-O-O Bf5 20.Qd2 Nd6 21.Nd4 Rc8 22.Nxf5 Nxf5 23.cxd5 cxd5
24.Kb1 d4 25.exd4 Qxd4 26.Qxd4 Bxd4 27.hxg6 hxg6 28.Rxd4 Nxd4 29.Nd5 Rfd8
30.Ne7+ Kf8 31.Nxc8 Nxe2 32.Rh1 Ke8 33.Rh8+ Kd7 34.Rxd8+ Kxd8 35.Nxa7 Kd7
36.Kc2 Ke6 37.Bf6 Nf4 38.Kd2 Nh3 39.Ke3  1/2-1/2

[Event "UT Dallas GM Inv 2013"]
[Site "Dallas USA"]
[Date "2013.11.23"]
[Round "4.4"]
[White "Margvelashvili,G"]
[Black "Iotov,V"]
[Result "1/2-1/2"]
[WhiteElo "2556"]
[BlackElo "2568"]

1.c4 c6 2.e4 d5 3.exd5 cxd5 4.d4 Nf6 5.Nc3 e6 6.Nf3 Bb4 7.Bd3 dxc4 8.Bxc4 O-O
9.O-O b6 10.Qe2 Bb7 11.Rd1 Nbd7 12.d5 Bxc3 13.dxe6 Bxf3 14.gxf3 fxe6 15.bxc3 Qc7
16.Bxe6+ Kh8 17.Qc4 Qb7 18.Bxd7 Nxd7 19.Qd5 Qxd5 20.Rxd5 Nc5 21.Kg2 Rad8
22.Rxd8 Rxd8 23.Be3 Rd3 24.Bxc5 bxc5 25.Rb1 h6 26.Rb3 c4 27.Ra3 Kh7 28.Kg3 a5
29.h4 Kg6 30.Kf4 Kh5 31.Kg3 g5 32.Rxa5 Rxc3 33.Rc5 Ra3 34.hxg5 hxg5 35.Rxc4 Rxa2
36.f4 Ra3+ 37.f3 gxf4+ 38.Kxf4 Kg6 39.Kg4 Ra6 40.f4 Kf6 41.Re4 Rb6 42.f5 Ra6
43.Re6+ Rxe6 44.fxe6 Kxe6 45.Kf4  1/2-1/2

[Event "TCh-AUT 2nd Ost 2013-14"]
[Site "Zwettl AUT"]
[Date "2013.11.23"]
[Round "3.3"]
[White "Kirschner,A"]
[Black "Rumpl,E"]
[Result "0-1"]
[WhiteElo "2286"]
[BlackElo "2308"]

1.c4 c6 2.Nf3 d5 3.g3 Nf6 4.Bg2 g6 5.O-O Bg7 6.d3 O-O 7.Nbd2 Re8 8.Qc2 e5
9.Rd1 Qe7 10.cxd5 cxd5 11.Nb3 Nc6 12.Be3 d4 13.Bd2 Bf5 14.Qc5 Rad8 15.Qxe7 Rxe7
16.Nh4 Bg4 17.Kf1 e4 18.Re1 Bc8 19.Na5 Nxa5 20.Bxa5 b6 21.Bb4 Ree8 22.dxe4 Nxe4
23.Nf3 Ba6 24.Kg1 Nc5 25.Bf1 d3 26.exd3 Bxb2 27.Rxe8+ Rxe8 28.Rd1 Bf6 29.d4 Bb7
30.Bg2 Rd8 31.Rd2 Ne6 32.Bc3 Bxf3 33.Bxf3 Bxd4 34.Bxd4 Rxd4 35.Rc2 Nc5 36.Re2 Kf8
37.h4 h5 38.Bc6 Ne6 39.Kg2 Ke7 40.Rc2 Rd6 41.Ba4 Nc5 42.Bb5 Rd4 43.Kf3 Rd5
44.Bc4 Re5 45.Kg2 Ne6 46.Bb3 Nc5 47.Bc4 a6 48.Be2 Rd5 49.Bc4 Re5 50.Be2 Rf5
51.Bf3 b5 52.Rd2 b4 53.Be2 Ne4 54.Rc2 Rxf2+ 55.Kg1 a5  0-1

[Event "TCh-CZE Vychod 2013-14"]
[Site "Czech Rep CZE"]
[Date "2013.11.24"]
[Round "3.7"]
[White "Haderka,K"]
[Black "Mitura,V"]
[Result "0-1"]
[WhiteElo "1890"]
[BlackElo "2099"]

1.c4 c6 2.Nc3 d5 3.cxd5 cxd5 4.d4 Nc6 5.Nf3 Nf6 6.g3 Bf5 7.Bg2 e6 8.a3 Be7
9.O-O Ne4 10.Bd2 O-O 11.b4 Nxc3 12.Bxc3 Qb6 13.e3 Rfc8 14.Qd2 a5 15.Nh4 axb4
16.axb4 Bxh4 17.gxh4 Qd8 18.Rxa8 Rxa8 19.b5 Ne7 20.f3 h5 21.e4 Bg6 22.Ra1 Rxa1+
23.Bxa1 Nc8 24.Qf2 Qa5 25.Bb2 Qxb5 26.exd5 exd5 27.Bf1 Bd3 28.Qc2 Bxc2 29.Bxb5 Nd6
30.Bd7 Bf5 31.Ba4 Bd3 32.Bd7 Bb5 33.Bh3 Bc4 34.Kf2 g6 35.Ke3 f5 36.Kf4 Kf7
37.Ke5 Nc8 38.Bg2 Ne7 39.Kd6 f4 40.Ke5 Nf5 41.Kxf4 Kf6 42.Bh3 Nxh4 43.Bc8 b5
44.Bc3 Ng2+ 45.Kg3 Ne3 46.Ba5 Nc2 47.Bd8+ Kf7 48.Kf2 b4 49.Ba5 b3 50.Bc3 Nb4
51.Ke3 Nd3 52.Kd2 Kf6 53.h4 Nf4 54.Bd7 Ng2 55.Ba5 Ke7 56.Ba4 Nxh4 57.Ke3 b2
58.Bc2 Ba2  0-1

[Event "TCh-CZE Zapad 2013-14"]
[Site "Jicin CZE"]
[Date "2013.11.24"]
[Round "3.7"]
[White "Urban,Z"]
[Black "Constantinou,Pe"]
[Result "0-1"]
[WhiteElo "2138"]
[BlackElo "2254"]

1.c4 c6 2.Nf3 d5 3.b3 Nf6 4.g3 dxc4 5.bxc4 e5 6.d3 e4 7.dxe4 Qxd1+ 8.Kxd1 Nxe4
9.Be3 Be7 10.a4 Na6 11.Nfd2 Bf5 12.f3 Nxd2 13.Nxd2 O-O-O 14.Bxa7 Bb4 15.Ra2 Bc3
16.Be3 Nb4 17.Ra3 Bb2 18.Rb3 Bc2+ 19.Ke1 Bxb3 20.Bh3+ Kb8 21.Bf4+ Ka8 22.Nxb3 Rhe8
23.Kf2 Be5 24.Be3 Bc7 25.a5 g6 26.Bg5 Rb8 27.Bd7 Rg8 28.Bf6 Na6 29.h4 Bd8
30.Be5 Bc7 31.Bf6 h6 32.g4 Rbd8 33.Rd1 Nb8 34.Bxd8 Rxd8 35.Nc5 b6 36.axb6 Bxb6
37.Ra1+ Ba7 38.Kg3 Nxd7 39.Ne4 Nb6 40.c5 Nc8 41.g5 h5 42.Nf6 Kb7 43.Rc1 Ne7
44.e4 Ng8 45.e5 Nxf6 46.gxf6 Rd5 47.f4 Rxc5 48.Re1 Rc3+ 49.Kg2 Re3 50.Rd1 Kc7
51.Rd6 Bc5 52.Rd1 Bf8 53.Ra1 Ra3 54.Rd1 Bh6 55.Rd4 Ra6 56.Kf3 c5 57.Rc4 Kc6
58.Ke4 Ra1 59.Ke3 Rb1 60.Ra4 Rb3+ 61.Kf2 Rb7 62.Kf3 Kd5 63.Ra3 c4 64.Ra6 Rb3+
65.Kf2 Bxf4 66.e6 fxe6 67.f7 Rb8  0-1

[Event "TCh-CZE Zapad 2013-14"]
[Site "Jicin CZE"]
[Date "2013.11.24"]
[Round "3.8"]
[White "Vevera,R"]
[Black "Duczynski,M"]
[Result "1-0"]
[WhiteElo "2120"]
[BlackElo "2145"]

1.c4 c6 2.e4 d5 3.exd5 cxd5 4.cxd5 Qxd5 5.Nc3 Qa5 6.d4 Nf6 7.Bc4 e6 8.Nf3 Be7
9.O-O O-O 10.Qe2 Nc6 11.Rd1 Rd8 12.a3 a6 13.Be3 Qh5 14.Rac1 h6 15.Ba2 Bf8
16.Na4 Qa5 17.Nc5 Ne7 18.Ne5 Ned5 19.Bd2 Qb6 20.Nc4 Qa7 21.Ne5 Ne7 22.Nxf7 Kxf7
23.Nxe6 Rd5 24.Bxd5 Nexd5 25.Nxf8 Kxf8 26.Bb4+ Kf7 27.Bc5 b6 28.Bd6 Bg4 29.f3 Re8
30.Be5 Be6 31.Re1 b5 32.Kh1 Re7 33.Rc6 Qb7 34.Rec1 Bf5 35.Qd1 Rd7 36.Rc8 Re7
37.Rb8 Qa7 38.Rd8 Be6 39.Qd3 Qb6 40.Rd6 Qb7 41.Rdc6 Bd7 42.R6c5 Be6 43.h3 Nd7
44.Rc6 N7f6 45.f4 Qa8 46.f5 Bd7 47.R6c5 Nb6 48.Bxf6 Kxf6 49.Qg3 Bxf5 50.Qd6+ Re6
51.Rxf5+ Kxf5 52.Rf1+  1-0

[Event "TCh-AUT 2nd Ost 2013-14"]
[Site "Zwettl AUT"]
[Date "2013.11.24"]
[Round "4.5"]
[White "Zimmermann,Hei"]
[Black "Newrkla,K"]
[Result "0-1"]
[WhiteElo "2171"]
[BlackElo "2174"]

1.c4 c6 2.d4 d5 3.cxd5 cxd5 4.Nc3 Nf6 5.Nf3 e6 6.Bg5 Be7 7.e3 O-O 8.Bd3 h6
9.Bh4 b6 10.Qe2 Bb7 11.O-O Nc6 12.a3 Rc8 13.Rac1 Na5 14.Nd2 Ne8 15.Bxe7 Qxe7
16.b4 Nc6 17.f4 f5 18.Nf3 Nd6 19.Ne5 Nxe5 20.fxe5 Nc4 21.Nb5 Qd7 22.Bxc4 dxc4
23.Nd6 b5 24.a4 bxa4 25.Nxc8 Rxc8 26.Rxc4 Rxc4 27.Qxc4 Bd5 28.Qc3 Qb5 29.Rf2 a5
30.Rb2 axb4 31.Rxb4 Qe2 32.Rb2 Qd1+ 33.Kf2 Qh1 34.Kg3 Qd1 35.h3 Qg1 36.Re2 Qf1
37.Rf2 Qg1 38.Re2 Qf1 39.Rb2 Qg1 40.Rf2 h5 41.Re2 g5 42.h4 gxh4+ 43.Kxh4 Qh2+
44.Kg5 Qg3+ 45.Kxh5 Qg4+ 46.Kh6 Qg7+ 47.Kh5 Kh7  0-1

[Event "UT Dallas GM Inv 2013"]
[Site "Dallas USA"]
[Date "2013.11.25"]
[Round "7.3"]
[White "Sadorra,J"]
[Black "Holt,C"]
[Result "1/2-1/2"]
[WhiteElo "2577"]
[BlackElo "2534"]

1.c4 c6 2.Nf3 d5 3.e3 Bg4 4.cxd5 Bxf3 5.Qxf3 cxd5 6.Nc3 e6 7.b3 Nf6 8.Bb2 Nc6
9.Bb5 Rc8 10.O-O Bd6 11.Bxc6+ bxc6 12.Na4 e5 13.d4 e4 14.Qe2 O-O 15.Rac1 Nd7
16.Rc2 Qh4 17.g3 Qh3 18.Rfc1 Nf6 19.Qf1 Qd7 20.Qa6 Qh3 21.Qf1 Qd7 22.Nc5 Bxc5
23.Rxc5 h5 24.Qa6 Qh3 25.Qf1 Qd7 26.Qa6 Qh3 27.Qf1  1/2-1/2

[Event "XXVII Belgrade Trophy"]
[Site "Obrenovac SRB"]
[Date "2013.11.25"]
[Round "2.29"]
[White "Zivkovic,Nem"]
[Black "Rajcevic,S"]
[Result "1-0"]
[WhiteElo "2308"]
[BlackElo "2073"]

1.c4 c6 2.Nf3 Nf6 3.g3 d5 4.cxd5 cxd5 5.Bg2 Nc6 6.O-O e5 7.d4 e4 8.Ne5 Qb6
9.Nc3 Be7 10.Bg5 Be6 11.Nxc6 bxc6 12.Na4 Qb5 13.f3 exf3 14.exf3 h6 15.Be3 O-O
16.Rf2 Rfe8 17.Bf1 Qb7 18.Nc5 Bxc5 19.dxc5 Bh3 20.Bd4 Bxf1 21.Qxf1 Re6 22.Qd3 Nd7
23.a3 Ne5 24.Qc3 Qe7 25.b3 f6 26.Kg2 a6 27.a4 Kf7 28.h4 Ng6 29.Qd3 Ne5  1-0

[Event "XXVII Belgrade Trophy"]
[Site "Obrenovac SRB"]
[Date "2013.11.27"]
[Round "4.39"]
[White "Cvetkovic,Sr"]
[Black "Brankovic,Vladislav"]
[Result "1-0"]
[WhiteElo "2368"]
[BlackElo "1851"]

1.c4 c6 2.Nf3 d5 3.b3 Nf6 4.Bb2 e6 5.g3 Bd6 6.Bg2 Nbd7 7.d4 b6 8.O-O O-O
9.Nbd2 Bb7 10.Qc2 Qe7 11.e4 dxe4 12.Nxe4 Nxe4 13.Qxe4 Ba3 14.Bc3 Bb4 15.Bxb4 Qxb4
16.Rad1 Rad8 17.Qf4 Nf6 18.Ne5 Qd6 19.Rd2 Rc8 20.Rfd1 Rfd8 21.g4 Qe7 22.g5 Nh5
23.Qh4 g6 24.Ng4 Kg7 25.Rd3 Ba8 26.Rh3 c5 27.Nf6 Nxf6 28.gxf6+ Qxf6 29.Qh6+ Kg8
30.d5 Qg7 31.Qh4 Kh8 32.Qe7 exd5 33.cxd5 Qb2 34.Qh4  1-0

[Event "XXVII Belgrade Trophy"]
[Site "Obrenovac SRB"]
[Date "2013.11.29"]
[Round "6.38"]
[White "Cvetkovic,Sr"]
[Black "Jovanovic,De"]
[Result "1-0"]
[WhiteElo "2368"]
[BlackElo "2052"]

1.c4 c6 2.Nf3 d5 3.b3 h6 4.Qc2 Nf6 5.Bb2 e6 6.g3 Be7 7.Bg2 O-O 8.O-O Nbd7
9.d4 b6 10.Nbd2 Bb7 11.e4 dxe4 12.Nxe4 c5 13.Nxf6+ Bxf6 14.Rad1 cxd4 15.Bxd4 Qe7
16.Bxf6 Nxf6 17.Ne5 Bxg2 18.Kxg2 Rfd8 19.Qe2 Rxd1 20.Rxd1 Rd8 21.Nc6 Qb7
22.Rxd8+ Kh7 23.Qd3+ g6 24.Qf3 Kg7 25.Rd1 h5 26.h3 Qc7 27.b4 a6 28.b5 axb5
29.cxb5 Qb7 30.a4 Qa8 31.Ne5 Qb8 32.Qxf6+ Kxf6 33.Nd7+ Kf5 34.Nxb8 g5 35.a5 bxa5
36.b6 g4 37.hxg4+  1-0

[Event "Pushchino Autumn 2013"]
[Site "Pushchino RUS"]
[Date "2013.11.29"]
[Round "6.3"]
[White "Ovod,E"]
[Black "Schepetkova,M"]
[Result "0-1"]
[WhiteElo "2378"]
[BlackElo "2252"]

1.c4 c6 2.Nf3 d5 3.e3 Nf6 4.Nc3 a6 5.d4 b5 6.c5 g6 7.Ne5 Bg7 8.f4 a5 9.a3 h5
10.Be2 Bf5 11.Bf3 Qc7 12.O-O Ne4 13.Ne2 Nd7 14.Nd3 Ndf6 15.Bd2 Bh6 16.Nec1 Bg7
17.Be1 g5 18.Ne5 g4 19.Be2 Nh7 20.a4 Bxe5 21.fxe5 Bd7 22.axb5 cxb5 23.Qb3 O-O
24.Qxd5 Bc6 25.Qb3 Qb7 26.Rxa5 Rxa5 27.Bxa5 Nhg5 28.Nd3 Ra8 29.Be1 Nd2 30.Bxd2 Bxg2
31.Nf4 Bxf1 32.c6 Qxc6 33.d5 Qc7 34.Kxf1 Ra1+ 35.Kg2 Qxe5 36.Qd3 Nh3 37.Bf1 Rd1
38.Bc3 Qxf4 39.exf4 Nxf4+ 40.Kg3 Nxd3 41.Be2 Rg1+ 42.Kh4 Nxb2 43.Bxb5 Nc4
44.Bxc4 Rc1 45.Bb4 Rxc4 46.Bxe7 g3+ 47.Kxg3 f5 48.Bf6 Kf7 49.Be5 Re4 50.Bf4 Rd4
51.d6 Ke6 52.Kf3 Rd3+ 53.Ke2 Ra3 54.Kf2 Ra7 55.Kg3 Rg7+ 56.Kf3 Kd5 57.Bg3 Ke6
58.Bf4 h4 59.Ke3 Rb7 60.Kd4 Rb3 61.Kc5 Rd3 62.Bg5 Rxd6 63.Bxh4 f4 64.Bg5 f3
65.Be3 Rd3 66.Bg1 Rd2 67.h4 f2 68.Bxf2 Rxf2 69.h5 Rh2 70.Kd4 Rxh5  0-1

[Event "14th Puhajarve Rapid"]
[Site "Puhajarve EST"]
[Date "2013.11.30"]
[Round "13.3"]
[White "Reizniece,D"]
[Black "Volodin,Alek"]
[Result "1-0"]
[WhiteElo "2283"]
[BlackElo "2477"]

1.c4 c6 2.Nf3 d5 3.e3 Nf6 4.Nc3 e6 5.b3 Be7 6.Bb2 b6 7.g3 Bb7 8.Bg2 Nbd7
9.O-O O-O 10.Qe2 a5 11.Ne1 e5 12.f4 exf4 13.gxf4 Nc5 14.d3 a4 15.b4 a3 16.Bc1 Na4
17.Nxa4 Rxa4 18.Nc2 Qa8 19.Rb1 Rd8 20.Rb3 c5 21.bxc5 Bxc5 22.cxd5 Nxd5 23.Kh1 Qa6
24.e4 Nf6 25.Re1 h5 26.h3 h4 27.f5 Re8 28.Bg5 Be7 29.Be3 b5 30.Nd4 b4 31.Bf3 Bc5
32.Nc2 Qd6 33.Bxc5 Qxc5 34.Ne3 Raa8 35.Qd2 Rad8 36.Qxb4 Qxb4 37.Rxb4 Ba6
38.Ng4 Nxg4 39.Bxg4 Rxd3 40.Ra4 Bb7 41.Kg1 Red8 42.Kf2 Rd2+ 43.Re2 Rd1 44.Rxa3 Rh1
45.Ra7 Rh2+ 46.Ke3 Rxe2+ 47.Bxe2 Bc6 48.a4 Rb8 49.a5 Rb4 50.Bd3 Rb3 51.Kd4 g5
52.fxg6 Ra3 53.gxf7+ Kf8 54.Bc4 Ra4 55.Rc7  1-0

[Event "Cultural Village 2013"]
[Site "Wijk aan Zee NED"]
[Date "2013.11.30"]
[Round "2.3"]
[White "Lai,Hing Ting"]
[Black "Van Delft,M"]
[Result "1/2-1/2"]
[WhiteElo "2169"]
[BlackElo "2424"]

1.c4 c6 2.d4 d5 3.Nc3 Nf6 4.cxd5 cxd5 5.Bf4 Nc6 6.e3 Bg4 7.f3 Bd7 8.Rc1 e6
9.Bd3 Bb4 10.Ne2 O-O 11.Bg5 h6 12.Bh4 e5 13.O-O Be6 14.Bb1 Be7 15.f4 exd4
16.Nxd4 Qb6 17.Na4 Qa5 18.Be1 Bb4 19.Nxc6 bxc6 20.Rc5 Bxe1 21.Rxa5 Bxa5 22.Nc5 Rfe8
23.h3 Rab8 24.Qc2 Bc8 25.Rf3 Bb6 26.b4 a5 27.a3 axb4 28.axb4 Ra8 29.Kh2 Ra7
30.Qc3 Rae7 31.Rg3 Kf8 32.Bc2 Nh5 33.Rf3 Nf6 34.Ba4 Rc7 35.Nb3 Ne4 36.Qd3 Bd7
37.Nd4 Ra8 38.Bxc6 Rxc6 39.Nxc6 Bxc6 40.Rf1 Rd8 41.Rc1 Rd6 42.Qa6 Bd7 43.Qa8+ Ke7
44.Qa3 Bb5 45.Rc8 Rd8 46.Rxd8 Bxd8 47.Qa7+ Bd7 48.Qd4 Nf6 49.Qc5+ Ke8 50.b5 Be7
51.Qa7 Bd6 52.b6 Bc6 53.b7 Nd7 54.Qd4 g6 55.Qh8+ Ke7 56.Qxh6 Bxb7 57.Qg5+ Ke6
58.g4 Nf6 59.Kg1 Ba6 60.f5+ gxf5 61.Qxf5+ Ke7 62.g5 Nd7 63.Qxd5 Ne5 64.h4 Bc4
65.Qb7+ Ke6 66.Qc8+ Kd5 67.Qf5 Bd3 68.Qf2 Be4 69.h5 Nf3+ 70.Kf1 Nxg5 71.h6 Be5
72.Qh4 Nh7 73.Qd8+ Bd6 74.Qe8 Be5 75.Qxf7+ Kd6 76.Ke2 Bf6 77.Qe8 Be7 78.Qb8+ Ke6
79.Qf4 Kd5 80.Kd2 Bd6 81.Qf7+ Ke5 82.Qg7+ Kd5 83.Kc3 Be5+ 84.Kb3  1/2-1/2

[Event "TCh-BEL 2013-14"]
[Site "Belgium BEL"]
[Date "2013.12.01"]
[Round "5.4"]
[White "Siebrecht,S"]
[Black "Minyeyevtsev,S"]
[Result "1/2-1/2"]
[WhiteElo "2495"]
[BlackElo "2203"]

1.c4 c6 2.e4 d5 3.exd5 cxd5 4.cxd5 Qxd5 5.Nc3 Qd8 6.Nf3 Nf6 7.Bc4 e6 8.O-O Be7
9.d4 O-O 10.Re1 Nc6 11.a3 a6 12.Ba2 b5 13.d5 exd5 14.Nxd5 Nxd5 15.Qxd5 Bb7
16.Qh5 Qd6 17.Ng5 Qg6 18.Qxg6 hxg6 19.Bf4 Bf6 20.Rad1 Bxg5 21.Bxg5 Rfe8 22.Rxe8+ Rxe8
23.f3 Ne5 24.Bf4 Nc4 25.Bc1 Bc8 26.Bxc4 bxc4 27.Kf2 Bf5 28.Rd6 Bd3 29.Be3 Re6
30.Rxe6 fxe6 31.Bb6 Kf7 32.Ke3 Bf1 33.g3 e5 34.Bd8 Ke6 35.Ba5 Kf5 36.Bb4 Ke6
37.Bc5 Kf6 38.Bb6 Ke6 39.Ba5 Kd5 40.Bc3 Ke6 41.f4 exf4+ 42.Kxf4 Bd3 43.h4 Bc2
44.Ke3 Kd5 45.Kd2 Bb3 46.Ba5 Kd4 47.Bd8 Ba4 48.Bb6+ Kd5 49.Kc3 g5 50.hxg5 g6
51.Bd8 Bd1 52.Kb4 Be2 53.Ka5 Kc6 54.Bf6 Kb7 55.Bd4 Bd3 56.Kb4 Kc6 57.Kc3 Bf1
58.Bf6 Kd5 59.Kb4 Kc6  1/2-1/2

[Event "2nd Hyderabad GM Open 2013"]
[Site "Hyderabad IND"]
[Date "2013.12.02"]
[Round "10.8"]
[White "Greenfeld,A"]
[Black "Gagare,Shar"]
[Result "1/2-1/2"]
[WhiteElo "2545"]
[BlackElo "2449"]

1.c4 c6 2.e4 d5 3.exd5 cxd5 4.d4 Nf6 5.Nc3 Nc6 6.Bg5 Qa5 7.Bxf6 exf6 8.cxd5 Bb4
9.dxc6 Bxc3+ 10.bxc3 Qxc3+ 11.Ke2 O-O 12.f3 Re8+ 13.Kf2 Qe3+ 14.Kg3 Re4 15.h3 Qf4+
16.Kf2 Qe3+ 17.Kg3 Qf4+ 18.Kf2 Qe3+ 19.Kg3 Qf4+ 20.Kf2 Qe3+ 21.Kg3 Qf4+  1/2-1/2

[Event "XXVII Belgrade Trophy"]
[Site "Obrenovac SRB"]
[Date "2013.12.02"]
[Round "9.30"]
[White "Jovanovic,De"]
[Black "Ratkovic,Miloj"]
[Result "0-1"]
[WhiteElo "2052"]
[BlackElo "2273"]

1.c4 c6 2.d4 d5 3.cxd5 cxd5 4.Qb3 Nc6 5.Nf3 Nf6 6.Nc3 e6 7.Bf4 Bd6 8.Bxd6 Qxd6
9.e3 O-O 10.Be2 Bd7 11.O-O a6 12.Rfc1 b5 13.a3 Rfc8 14.Qd1 Na5 15.Ne5 Nc4
16.Nd3 a5 17.Na2 Rc7 18.Rc2 b4 19.Nc5 bxa3 20.Nxd7 Nxd7 21.Bxc4 axb2 22.Rxb2 Rxc4
23.Nc1 a4 24.Rba2 Qc7 25.Nd3 Nb6 26.g3 h6 27.Nc5 e5 28.Kg2 exd4 29.exd4 Qc6
30.h3 Qb5 31.Rb1 Rb4 32.Rxb4 Qxb4 33.Qa1 a3 34.Nd3 Qe7 35.Qe1 Qxe1 36.Nxe1 Nc4
37.Nd3 Rb8 38.Kf1 Kh7 39.h4 Rb1+ 40.Ke2 Rb2+ 41.Nxb2 axb2 42.Rxb2 Nxb2 43.Ke3 Kg6
44.Kf4 Kf6 45.g4 Ke6 46.Ke3 Nc4+ 47.Ke2 h5 48.f3 f5 49.gxh5 f4 50.Kf2 Ne3  0-1

[Event "9th Ugra Governor's Cup"]
[Site "Khanty-Mansiysk RUS"]
[Date "2013.12.03"]
[Round "6.15"]
[White "Jumabayev,R"]
[Black "Potapov,P"]
[Result "1-0"]
[WhiteElo "2561"]
[BlackElo "2468"]

1.c4 c6 2.Nf3 Nf6 3.b3 d5 4.Bb2 Bf5 5.g3 e6 6.Bg2 Nbd7 7.O-O Bd6 8.d3 e5
9.e4 Bg4 10.exd5 cxd5 11.h3 Bh5 12.Nc3 O-O 13.Nxd5 Nxd5 14.cxd5 Re8 15.Re1 Qa5
16.a3 Rac8 17.b4 Qa6 18.Qb3 Bg6 19.Bf1 Qb6 20.Nd2 f6 21.Nc4 Qc7 22.Rac1 Qb8
23.Bg2 Nb6 24.a4 Rcd8 25.a5 Nc8 26.Re2 Bf8 27.b5 Nd6 28.Rec2 Bf7 29.b6 a6
30.Ne3 Nb5 31.Rc7 Bd6 32.Qc4 Re7 33.Nf5 Rxc7 34.bxc7 Bxc7 35.Qg4 Bg6 36.Ne7+ Kf7
37.Qe6+ Kf8 38.Nxg6+ hxg6 39.Qg4 Kf7 40.Qe6+ Kf8 41.Qg4 Kf7 42.h4 Qc8 43.Qc4 Kf8
44.Ba3+ Nxa3 45.Qc5+ Kg8 46.d6 Nb5 47.dxc7 Rd7 48.Bd5+ Kh7 49.Bxb7 Qxc7 50.Bxa6 Qxc5
51.Rxc5 Nd4 52.Bc4 Nf3+ 53.Kg2 Nd4 54.a6 Ra7 55.Ra5 Nc6 56.Ra4 Ne7 57.Rb4 Ra8
58.Rb6 Kh6 59.Rb7 Nc6 60.Rc7 Na5 61.Bb5  1-0

[Event "Moscow Cup Final 2013"]
[Site "Moscow RUS"]
[Date "2013.12.03"]
[Round "2.1"]
[White "Granovskiy,A"]
[Black "Myshakov,F"]
[Result "1/2-1/2"]
[WhiteElo "2288"]
[BlackElo "2278"]

1.c4 c6 2.d4 d5 3.e3 Nf6 4.Nf3 Bf5 5.Nc3 e6 6.Nh4 Bg4 7.Qb3 Qc7 8.h3 Bh5
9.g4 Bg6 10.Nxg6 hxg6 11.Bg2 Be7 12.Bd2 Nbd7 13.O-O-O Nb6 14.cxd5 cxd5 15.Kb1 Nc4
16.g5 Nd7 17.h4 Rb8 18.Nb5 Qb6 19.Bc1 Rc8 20.e4 dxe4 21.Nc3 Qxb3 22.axb3 Nd6
23.Bf4 Nf5 24.Bxe4 Bd6 25.Bxf5 Bxf4 26.Be4 b6 27.Bb7 Rd8 28.d5 Nc5 29.Bc6+ Ke7
30.b4 Na6 31.b5 Nb4 32.Rd4 Bd6 33.dxe6 fxe6 34.Rhd1 e5 35.Re4 Rhf8 36.Rxd6 Rxd6
37.Rxb4 Rxf2 38.Nd5+ Ke6 39.Nc7+ Ke7 40.Nd5+ Ke6  1/2-1/2

[Event "9th Ugra Governor's Cup"]
[Site "Khanty-Mansiysk RUS"]
[Date "2013.12.04"]
[Round "7.16"]
[White "Shomoev,A"]
[Black "Goryachkina,A"]
[Result "1/2-1/2"]
[WhiteElo "2560"]
[BlackElo "2438"]

1.c4 c6 2.Nf3 d5 3.g3 Bg4 4.Qb3 Bxf3 5.Qxf3 dxc4 6.Na3 Nf6 7.Bg2 e6 8.Nxc4 Qd5
9.b3 Qxf3 10.Bxf3 Nbd7 11.Bb2 Be7 12.e3 O-O 13.Ke2 Nd5 14.Rhc1 Rfe8 15.Rab1 Bf8
16.a3 a5 17.d3 g6 18.Rc2 Red8 19.Rbc1 Nc5 20.Nd2 Nxd3 21.Kxd3 Nf4+ 22.Ke4 Nd3
23.Be2 Nxb2 24.Rxb2 Bxa3 25.Rcc2 Bxb2 26.Rxb2 b5 27.Nf3 a4 28.Nd4 a3 29.Ra2 Rd6
30.f4 b4 31.Bc4 Rad8 32.g4 c5 33.Nf3 Rd1 34.g5 Kf8 35.h4 Kg7 36.Be2 Rb1 37.Nd2 Rxd2
38.Rxd2 Rxb3 39.h5 gxh5 40.Bxh5 Rc3 41.Rd7 a2 42.Rxf7+ Kg8 43.Re7 a1=Q 44.Re8+  1/2-1/2

[Event "Snowdrops vs Old Hands Match 2013"]
[Site "Podebrady CZE"]
[Date "2013.12.05"]
[Round "5.1"]
[White "Dorfman,I"]
[Black "Ziaziulkina,N"]
[Result "1/2-1/2"]
[WhiteElo "2580"]
[BlackElo "2350"]

1.c4 c6 2.d4 d5 3.Nf3 Nf6 4.Nc3 e6 5.Bg5 h6 6.Bh4 dxc4 7.e4 g5 8.Bg3 b5 9.h4 g4
10.Ne5 Bb7 11.Nxg4 Nxg4 12.Qxg4 Qxd4 13.Rd1 Qf6 14.e5 Qf5 15.Qd4 Be7 16.h5 c5
17.Qd2 Bc6 18.Be2 Qg5 19.Qc2 Nd7 20.Ne4 Qf5 21.Nd6+ Bxd6 22.Qxf5 exf5 23.Rxd6 Bb7
24.Bh4 Nf8 25.a4 a6 26.Rb6 Bd5 27.Rd6 Bb7 28.Rb6 Bd5  1/2-1/2

[Event "9th Ugra Governor's Cup"]
[Site "Khanty-Mansiysk RUS"]
[Date "2013.12.06"]
[Round "9.3"]
[White "Alekseev,Evgeny"]
[Black "Shimanov,A"]
[Result "1/2-1/2"]
[WhiteElo "2698"]
[BlackElo "2650"]

1.c4 c6 2.d4 d5 3.cxd5 cxd5 4.Bf4 Nc6 5.e3 Nf6 6.Nc3 Bf5 7.Qb3 Na5 8.Qa4+ Bd7
9.Qc2 e6 10.Nf3 Be7 11.Bd3 Nc6 12.a3 Nh5 13.Be5 f6 14.Bg3 f5 15.Be5 Nf6 16.Bxf6 Bxf6
17.O-O Rc8 18.Rfc1 O-O 19.Qd1 Qe7 20.Nd2 g5 21.b4 Nd8 22.Nb3 Nf7 23.Nc5 Nd6
24.Nxd7 Qxd7 25.Qa4 Qxa4 26.Nxa4 g4 27.g3 Kf7 28.Kg2 Rxc1 29.Rxc1 Rc8 30.Rxc8 Nxc8
31.Nc3 Nd6 32.Nb5 Nxb5 33.Bxb5 Be7 34.h3 gxh3+ 35.Kxh3 a5 36.bxa5 Bxa3 37.Bc6 Bb4
38.Bxb7 Bxa5 39.Kg2 Kf6 40.Ba6 Bb6  1/2-1/2

[Event "6th Kolkata Open"]
[Site "Kolkata IND"]
[Date "2013.12.06"]
[Round "1.9"]
[White "Mohota,N"]
[Black "Gagunashvili,M"]
[Result "1/2-1/2"]
[WhiteElo "2257"]
[BlackElo "2546"]

1.c4 c6 2.d4 d5 3.Nf3 Nf6 4.Qc2 dxc4 5.Qxc4 Bg4 6.Nc3 Nbd7 7.e4 Bxf3 8.gxf3 e5
9.Be3 Bd6 10.O-O-O Qc7 11.Bh3 O-O 12.Ne2 Rad8 13.Qc2 exd4 14.Rxd4 Bc5 15.Rdd1 Qb6
16.Bxc5 Nxc5 17.Kb1 a5 18.Rhg1 Kh8 19.Nf4 Na6 20.e5 Nd5 21.Nxd5 cxd5 22.Qd2 Nc7
23.f4 f6 24.Rg2 Rde8 25.Rdg1 Re7 26.Qd3 fxe5 27.fxe5 g6 28.Qd2 Ne6 29.Qh6 Ref7
30.Rxg6 Rxf2 31.Qc1 Rxh2 32.Rxe6 Rxb2+ 33.Qxb2 Qxg1+ 34.Qc1 Qd4 35.Rf6 Ra8
36.Qh6 Qb4+ 37.Kc2 Qc5+ 38.Kd2 Qd4+ 39.Kc2 Qc4+ 40.Kd1 Qd3+ 41.Kc1 Qc3+ 42.Kb1 Qb4+
43.Kc2 Qe4+ 44.Kd2 Qd4+ 45.Kc2 Rg8 46.Rf4 Qxe5 47.Qf6+ Qxf6 48.Rxf6 b5 49.Rb6 b4
50.Rb5 Rg3 51.Bf1 Ra3 52.Rxd5 Rxa2+ 53.Kb3 Ra3+ 54.Kb2 h6 55.Bc4 Kg7 56.Rb5 Kg6
57.Be2 Kf6 58.Bh5 Ke6 59.Bg4+ Kf7 60.Bd1 Kg6 61.Bh5+ Kf6 62.Bd1 Kg6 63.Bh5+ Kf6
64.Bd1  1/2-1/2

[Event "IV JAHV McGregor 2013"]
[Site "Bogota COL"]
[Date "2013.12.07"]
[Round "6.51"]
[White "Diaz Hernandez,H"]
[Black "Cruz Sanabria,Linci Yobani"]
[Result "1-0"]
[WhiteElo "2401"]
[BlackElo "1956"]

1.c4 c6 2.d4 d5 3.Nf3 Nf6 4.e3 g6 5.Nc3 a6 6.cxd5 cxd5 7.Be2 Bg7 8.O-O O-O
9.b3 Bf5 10.Bb2 Nc6 11.Ne5 Rc8 12.Rc1 Qd6 13.Na4 Nb4 14.a3 Rxc1 15.Qxc1 Nc6
16.Nc5 Rb8 17.b4 Nd7 18.Nxb7 Rxb7 19.Qxc6 Rb6 20.Qxd6 exd6 21.Nxd7 Bxd7 22.Rc1 Bf6
23.Rc7 Bb5 24.Kf1 Kf8 25.Ke1 Bd8 26.Rc1 Ke7 27.Kd2 Bxe2 28.Kxe2 a5 29.Bc3 a4
30.g4 Kd7 31.Kd3 Rb5 32.f3 Bg5 33.Be1 h6 34.h4 Bf6 35.Rc2 Rb6 36.h5 g5 37.Bg3 Rb5
38.e4 Bd8 39.exd5 Rxd5 40.Kc4 Kc6 41.Rb2 Rb5 42.d5+ Kb6 43.Bxd6 Bf6 44.Re2 Ka6
45.Be7 Bg7 46.d6 Rb7 47.Kc5 Rb5+ 48.Kc6 Rb6+ 49.Kc7 Rb7+ 50.Kc8  1-0

[Event "5th Classic Open 2013"]
[Site "London ENG"]
[Date "2013.12.07"]
[Round "1.45"]
[White "Boger,R"]
[Black "Crouch,C"]
[Result "1/2-1/2"]
[WhiteElo "1937"]
[BlackElo "2362"]

1.c4 c6 2.g3 d5 3.Bg2 Nf6 4.Nf3 Bg4 5.cxd5 cxd5 6.Qa4+ Qd7 7.Qxd7+ Nbxd7
8.Nc3 e5 9.h3 Bxf3 10.Bxf3 e4 11.Bg2 Bb4 12.a3 Ba5 13.b4 Bc7 14.Bb2 Be5 15.d3 Rc8
16.Kd2 O-O 17.Rac1 a5 18.Na4 axb4 19.Bxe5 Nxe5 20.Rxc8 Rxc8 21.axb4 Ra8 22.Rc1 Nc6
23.b5 Nb4 24.Nc3 exd3 25.exd3 d4 26.Ne4 Nfd5 27.Nc5 Ra2+ 28.Ke1 Nc3 29.Bxb7 Nxb5
30.Be4  1/2-1/2